00538nam a2200169Ia 4500003000900000008004100009040001600050080002300066110003300089245010300122260005000225300000900275500001900284650002600303650001800329650002100347IN-BaIIA211028s9999 xx 000 0 eng d cIIA Library a083.7:621.762bISI aIndian Standards Institution 0aIndian standard specification for compressed asbestos fibre jointingcIndian Standards Institution aNew DelhibIndian Standards Institutionc1972 a12p. aIS 2712 : 1971 a Compressed Asbestos a Standards  aNASA Thesaurus